000 00735nam a2200229 4500
008 b xx# eng u
010 _a43801
020 _a0814152856
020 _a9780814152850
040 _aLB-BrCRDP
082 _a808.30712/T253
130 0 _lEN
245 1 0 _aTeaching literature in middle schools
_bfiction
260 _aUrbana, Illinois
_bNational Council of Teachers of English
_cc1996
300 _ax, 121p. ;
_c28 cm
490 0 _aStandards consensus series
500 _aBibliography at the end of some chapters and at the end.
650 _aLiterature
_xStudy and teaching (Secondary)
700 1 0 _aNational Council of Teachers of English
942 _cBK
999 _c11067
_d11067